[Event "CRO Topla Voda Cup"]
[Site "Tuhovec"]
[Date "2022.08.06"]
[Round "5.4"]
[White "Strukelj, Marijan"]
[Black "Husajina, Nikola"]
[Result "0-1"]
[WhiteElo "1546"]
[BlackElo "1749"]
[PlyCount "132"]
[EventDate "2022.08.06"]
[EventType "team-tourn (blitz)"]
[EventRounds "11"]
[EventCountry "CRO"]
[SourceTitle "CBM 209 Extra"]
[Source "ChessBase"]
[SourceDate "2022.09.30"]
[SourceVersion "1"]
[SourceVersionDate "2022.09.30"]
[SourceQuality "1"]
[WhiteTeam "Strahoninec"]
[BlackTeam "Strigova Stridon II"]
[WhiteTeamCountry "CRO"]
[BlackTeamCountry "CRO"]

1. d4 Nf6 2. c4 e5 3. d5 Bc5 4. Nc3 0-0 5. e3 d6 6. a3 a5 7. Bd2 Bf5 8. Nge2 Nbd7 9. Ng3 Bg6 10. Be2 Ba7 11. Rc1 Nc5 12. b4 axb4 13. axb4 Nce4 14. Ncxe4 Nxe4 15. Nxe4 Bxe4 16. 0-0 Qg5 17. Bf3 Bg6 18. e4 Qh4 19. Qc2 f5 20. g3 Qe7 21. exf5 Rxf5 22. Be4 Raf8 23. Bxf5 Bxf5 24. Qc3 Bh3 25. Be3 Bxe3 26. Qxe3 Bxf1 27. Rxf1 Ra8 28. c5 Ra4 29. Qb3 Qe8 30. c6 Ra7 31. b5 bxc6 32. dxc6+ Qf7 33. Qxf7+ Kxf7 34. Rb1 Ke7 35. b6 cxb6 36. Rxb6 Rc7 37. Kf1 d5 38. Ke2 Kd6 39. Rb8 Kxc6 40. Re8 Kd6 41. Rd8+ Kc5 42. Re8 Kd4 43. Ra8 Rc2+ 44. Ke1 Rc7 45. Ra4+ Kc5 46. Ra5+ Kd6 47. Kd2 Ke6 48. Ra6+ Kf5 49. h3 Ke4 50. Ra3 Rf7 51. Ke2 d4 52. f3+ Kf5 53. Ra5 Rc7 54. Ra2 g5 55. Rb2 h5 56. Rb5 Rc2+ 57. Kd3 Rg2 58. g4+ hxg4 59. hxg4+ Kf4 60. Rd5 Rf2 61. Rd8 Rxf3+ 62. Kc4 Kxg4 63. Rh8 d3 64. Kc3 e4 65. Re8 Kf4 66. Kd4 d2 0-1

[Event "Medjimurje Cup"]
[Site "Croatia "]
[Date "2020.02.09"]
[Round "1.2"]
[White "Kovacic, Franjo"]
[Black "Husajina, Nikola"]
[Result "1-0"]
[WhiteElo "1780"]
[BlackElo "1784"]
[PlyCount "83"]
[EventDate "2020.02.09"]
[EventType "team-swiss"]
[EventRounds "6"]
[EventCountry "CRO"]
[SourceTitle "CBM 195 Extra"]
[Source "ChessBase"]
[SourceDate "2020.05.31"]
[SourceVersion "1"]
[SourceVersionDate "2020.05.31"]
[SourceQuality "1"]

1. d4 Nf6 2. c4 e5 3. Nc3 exd4 4. Qxd4 Nc6 5. Qd1 Bc5 6. e3 0-0 7. Nf3 d6 8. a3 a5 9. Bd3 Bg4 10. Be2 Qd7 11. 0-0 Rfe8 12. b3 Re6 13. Nd4 Bxe2 14. Ncxe2 Nxd4 15. Nxd4 Re4 16. Bb2 Rae8 17. Qd2 Bb6 18. Bc3 Bxd4 19. Bxd4 b6 20. Bxf6 gxf6 21. Qc3 Qf5 22. Rad1 Rg4 23. f3 Rg6 24. Rd5 Qh3 25. Rf2 Kh8 26. e4 Reg8 27. Qb2 Rh6 28. g4 Rhg6 29. Kh1 h5 30. Rf5 Qh4 31. g5 Kh7 32. Rxf6 Rxf6 33. Qxf6 Rxg5 34. Qxf7+ Rg7 35. Qf5+ Kh6 36. Rf1 Rg5 37. Qf6+ Kh7 38. Qe7+ Kh6 39. Qxc7 Qh3 40. Qxd6+ Rg6 41. Qf4+ Kh7 42. Rg1 1-0

[Event "CRO-chT3B Center North"]
[Site "Croatia"]
[Date "2016.10.23"]
[Round "8.2"]
[White "Skuhala, Jernej"]
[Black "Husajina, Nikola"]
[Result "1-0"]
[WhiteElo "2135"]
[BlackElo "1762"]
[PlyCount "75"]
[EventDate "2016.04.03"]
[EventType "team-tourn"]
[EventRounds "9"]
[EventCountry "CRO"]
[SourceTitle "EXT 2019"]
[Source "ChessBase"]
[SourceDate "2018.10.10"]
[SourceVersion "1"]
[SourceVersionDate "2018.10.10"]
[SourceQuality "1"]

1. e4 e5 2. Nf3 Nf6 3. d4 Nxe4 4. Nxe5 d6 5. Nf3 Be7 6. Bd3 d5 7. Qe2 f5 8. c4 c6 9. cxd5 cxd5 10. Ne5 0-0 11. 0-0 Nc6 12. Nxc6 bxc6 13. f3 Nd6 14. Nd2 Bf6 15. Nb3 Qb6 16. Qf2 Nb7 17. Bd2 a5 18. Bc3 a4 19. Nc1 Nd6 20. Re1 Bd7 21. Ne2 Rfe8 22. Nf4 Bg5 23. Qg3 Nf7 24. Nh5 g6 25. h4 Qb8 26. Rxe8+ Bxe8 27. Qxb8 Rxb8 28. hxg5 gxh5 29. Bxf5 Nxg5 30. Re1 Nf7 31. Re7 Kf8 32. Ra7 h6 33. Rxa4 Nd6 34. Bd3 c5 35. Ra6 c4 36. Be2 Ke7 37. a3 Bd7 38. Bb4 1-0

[Event "CRO-chT3B Center North"]
[Site "Croatia"]
[Date "2016.10.09"]
[Round "6.1"]
[White "Srpak, Damir"]
[Black "Husajina, Nikola"]
[Result "1-0"]
[WhiteElo "1864"]
[BlackElo "1762"]
[PlyCount "73"]
[EventDate "2016.04.03"]
[EventType "team-tourn"]
[EventRounds "9"]
[EventCountry "CRO"]
[SourceTitle "EXT 2019"]
[Source "ChessBase"]
[SourceDate "2018.10.10"]
[SourceVersion "1"]
[SourceVersionDate "2018.10.10"]
[SourceQuality "1"]

1. d4 d5 2. Nf3 Nc6 3. e3 Bg4 4. c4 Nf6 5. Nc3 e6 6. Bd3 dxc4 7. Bxc4 Bd6 8. 0-0 0-0 9. Be2 a6 10. a3 Rb8 11. Re1 b5 12. b4 Nd5 13. Ne4 f5 14. Nxd6 cxd6 15. Qd3 Nce7 16. h3 Bh5 17. Bd2 Nb6 18. e4 f4 19. Bd1 Nc4 20. Bc3 d5 21. Ng5 Bf7 22. exd5 Bg6 23. Qe2 Nxd5 24. Nxe6 Nxc3 25. Qf3 Qd5 26. Qxc3 Rfe8 27. Bf3 Qd6 28. d5 Re7 29. Re2 Rbe8 30. Rae1 Bf5 31. Nxf4 Ne5 32. g4 Bc8 33. Bg2 g5 34. Nh5 Bb7 35. Qc5 Qd8 36. Nf6+ Kh8 37. Nxe8 1-0

[Event "CRO-chT3B Center North"]
[Site "Croatia"]
[Date "2016.05.08"]
[Round "5.5"]
[White "Husajina, Nikola"]
[Black "Pintaric, Ivan"]
[Result "1-0"]
[WhiteElo "1762"]
[BlackElo "1775"]
[PlyCount "76"]
[EventDate "2016.04.03"]
[EventType "team-tourn"]
[EventRounds "9"]
[EventCountry "CRO"]
[SourceTitle "EXT 2019"]
[Source "ChessBase"]
[SourceDate "2018.10.10"]
[SourceVersion "1"]
[SourceVersionDate "2018.10.10"]
[SourceQuality "1"]

1. e4 e5 2. Nf3 d6 3. d4 Bg4 4. Be2 Bxf3 5. Bxf3 Nd7 6. c3 Be7 7. 0-0 Bg5 8. Nd2 Ngf6 9. Nc4 Bxc1 10. Qxc1 h6 11. Ne3 g6 12. Rd1 Qe7 13. Qc2 0-0 14. Be2 a6 15. Rf1 Rad8 16. Bd3 Nh5 17. Nd5 Qg5 18. Nxc7 Ndf6 19. Nd5 Nxd5 20. exd5 Nf4 21. Be4 f5 22. Bf3 e4 23. h4 Qxh4 24. Be2 g5 25. g3 Qh3 26. gxf4 gxf4 27. f3 e3 28. Bd3 Rf7 29. Qh2 Qxh2+ 30. Kxh2 Kg7 31. Rg1+ Kf6 32. Rg2 Rg7 33. Rxg7 Kxg7 34. Bxf5 Kf6 35. Bd3 Rg8 36. Rg1 Rg5 37. Rxg5 Kxg5 38. Kh3 a5 1-0

[Event "CRO-chT3B Center North"]
[Site "Croatia"]
[Date "2016.04.17"]
[Round "3.4"]
[White "Husajina, Nikola"]
[Black "Zeleznjak, Tihomir"]
[Result "1/2-1/2"]
[WhiteElo "1762"]
[BlackElo "2051"]
[PlyCount "42"]
[EventDate "2016.04.03"]
[EventType "team-tourn"]
[EventRounds "9"]
[EventCountry "CRO"]
[SourceTitle "EXT 2019"]
[Source "ChessBase"]
[SourceDate "2018.10.10"]
[SourceVersion "1"]
[SourceVersionDate "2018.10.10"]
[SourceQuality "1"]

1. e4 e5 2. Nf3 Nc6 3. d4 exd4 4. Nxd4 Nf6 5. Nc3 Bb4 6. Nxc6 bxc6 7. Bd3 d5 8. exd5 cxd5 9. 0-0 0-0 10. Bg5 c6 11. Qf3 Be7 12. Rfe1 Be6 13. Ne2 h6 14. Bh4 Re8 15. Nd4 Bd7 16. Nf5 Bxf5 17. Qxf5 g6 18. Qf4 Kg7 19. Re3 Nh5 20. Bxe7 Rxe7 21. Qd4+ Nf6 1/2-1/2

[Event "Pobeskydy op"]
[Site "Frydek Mistek"]
[Date "2016.03.27"]
[Round "7"]
[White "Banas, Kamil"]
[Black "Husajina, Nikola"]
[Result "1-0"]
[WhiteElo "2215"]
[BlackElo "1762"]
[PlyCount "45"]
[EventDate "2016.03.24"]
[EventType "swiss"]
[EventRounds "9"]
[EventCountry "CZE"]
[SourceTitle "CBM 171 Extra"]
[Source "ChessBase"]
[SourceDate "2016.04.26"]
[SourceVersion "1"]
[SourceVersionDate "2016.04.26"]
[SourceQuality "1"]

1. e4 e5 2. Nf3 Nf6 3. Nxe5 d6 4. Nf3 Nxe4 5. d4 d5 6. Bd3 Bd6 7. 0-0 0-0 8. c4 c6 9. Qc2 Re8 10. Nc3 Nf6 11. Bg5 dxc4 12. Bxh7+ Kh8 13. Bf5 Be7 14. Rfe1 Na6 15. Rad1 Nb4 16. Qb1 Nbd5 17. Ne5 Kg8 18. Nxc4 Nd7 19. Nxd5 Bxg5 20. Rxe8+ Qxe8 21. Nc7 Qe2 22. Re1 Qxc4 23. Bh7+ 1-0

[Event "CRO-chT3B Center North"]
[Site "Croatia"]
[Date "2012.10.27"]
[Round "9.54"]
[White "Stankovic, Sasa"]
[Black "Husajina, Nikola"]
[Result "1/2-1/2"]
[WhiteElo "1921"]
[BlackElo "1756"]
[PlyCount "83"]
[EventDate "2012.04.14"]
[EventType "team-tourn"]
[EventRounds "9"]
[EventCountry "CRO"]
[SourceTitle "EXT 2013"]
[Source "ChessBase"]
[SourceDate "2012.11.22"]
[SourceVersion "1"]
[SourceVersionDate "2012.11.22"]
[SourceQuality "1"]

1. e4 e5 2. Nf3 Nf6 3. Nc3 Nc6 4. d4 exd4 5. Nxd4 Bb4 6. Nxc6 bxc6 7. Bd3 0-0 8. 0-0 d5 9. exd5 cxd5 10. Bg5 c6 11. Qf3 Bd6 12. Rfe1 Bxh2+ 13. Kxh2 Kh8 14. Bxf6 gxf6 15. Qh5 f5 16. Bxf5 Bxf5 17. Qxf5 Qh4+ 18. Kg1 Rg8 19. Ne2 Rg6 20. Qf4 Rg4 21. Qf3 Rag8 22. Ng3 Rf4 23. Qh5 Qf6 24. Qe5 Rxf2 25. Qxf6+ Rxf6 26. Re3 Rfg6 27. Kf2 f5 28. Nxf5 Rxg2+ 29. Kf3 Rxc2 30. Rae1 Rf8 31. Re8 Kg8 32. Rxf8+ Kxf8 33. Re2 Rc1 34. Rh2 Kf7 35. Nd4 Rc4 36. Ke3 c5 37. Nb5 Kg6 38. Rg2+ Kf6 39. Rf2+ Kg5 40. Rg2+ Kf6 41. Rf2+ Kg5 42. Rg2+ 1/2-1/2

[Event "CRO-chT3B Center North"]
[Site "Cakovec"]
[Date "2010.10.23"]
[Round "9.54"]
[White "Hanjs, Vladimir"]
[Black "Husajina, Nikola"]
[Result "0-1"]
[WhiteElo "1997"]
[BlackElo "1808"]
[PlyCount "60"]
[EventDate "2010.03.27"]
[EventType "team-tourn"]
[EventRounds "9"]
[EventCountry "CRO"]
[SourceTitle "EXT 2012"]
[Source "ChessBase"]
[SourceDate "2011.11.24"]
[SourceVersion "1"]
[SourceVersionDate "2011.11.24"]
[SourceQuality "1"]

1. e4 c5 2. Nf3 d6 3. d4 cxd4 4. Nxd4 Nf6 5. Nc3 e6 6. Be3 Nc6 7. Be2 Be7 8. 0-0 0-0 9. f4 a6 10. Bf3 Qc7 11. Qe1 Nxd4 12. Bxd4 e5 13. fxe5 dxe5 14. Be3 b5 15. Rd1 Bb7 16. Qg3 Kh8 17. Rf2 b4 18. Nd5 Nxd5 19. exd5 Bd6 20. Be4 Bc8 21. Rdf1 f5 22. Bxf5 Bxf5 23. Rxf5 Rxf5 24. Rxf5 Qxc2 25. Qf2 Qd1+ 26. Qf1 Qxd5 27. Qb1 Bc5 28. Qc1 Bxe3+ 29. Qxe3 Qd1+ 30. Kf2 Qc2+ 0-1

[Event "CRO-chT3B Center North"]
[Site "Cakovec"]
[Date "2010.05.08"]
[Round "5.44"]
[White "Husajina, Nikola"]
[Black "Novak, Emil"]
[Result "1/2-1/2"]
[WhiteElo "1808"]
[BlackElo "1927"]
[PlyCount "46"]
[EventDate "2010.03.27"]
[EventType "team-tourn"]
[EventRounds "9"]
[EventCountry "CRO"]
[SourceTitle "EXT 2012"]
[Source "ChessBase"]
[SourceDate "2011.11.24"]
[SourceVersion "1"]
[SourceVersionDate "2011.11.24"]
[SourceQuality "1"]

1. e4 e5 2. Nf3 Nc6 3. d4 exd4 4. Nxd4 Bc5 5. Nxc6 bxc6 6. Bc4 Qf6 7. 0-0 Ne7 8. Nc3 0-0 9. Kh1 Bd4 10. Bg5 Qxg5 11. Qxd4 Ng6 12. Ne2 d6 13. f4 Qg4 14. Rf3 Bb7 15. Rg3 Qh4 16. Rf1 c5 17. Qd3 Rae8 18. e5 dxe5 19. f5 Nf4 20. Nxf4 exf4 21. Rh3 Qg4 22. Bd5 Bxd5 23. Qxd5 Re3 1/2-1/2

[Event "CRO-chT3"]
[Site "Varazdin"]
[Date "2008.10.18"]
[Round "8"]
[White "Husajina, Nikola"]
[Black "Zeleznjak, Tihomir"]
[Result "0-1"]
[WhiteElo "1765"]
[BlackElo "2067"]
[PlyCount "84"]
[EventDate "2008.04.12"]
[EventType "team-tourn"]
[EventRounds "9"]
[EventCountry "CRO"]
[SourceTitle "EXT 2011"]
[Source "ChessBase"]
[SourceDate "2010.11.26"]
[SourceVersion "1"]
[SourceVersionDate "2010.11.26"]
[SourceQuality "1"]

1. e4 e5 2. Nf3 Nc6 3. d4 exd4 4. Nxd4 Nf6 5. Nc3 Bb4 6. Nxc6 bxc6 7. Bd3 d5 8. exd5 0-0 9. 0-0 cxd5 10. Ne2 Bg4 11. c3 Bc5 12. Qc2 Re8 13. Re1 Qd6 14. Kh1 Bxf2 15. Rf1 Bb6 16. Bf4 Qd7 17. Nd4 a6 18. h3 c5 19. Nf5 c4 20. hxg4 cxd3 21. Qxd3 Nxg4 22. Bg3 g6 23. Nd6 Re3 24. Qxd5 Rf8 25. Rf3 Nf6 26. Qb7 Qg4 27. Qxb6 Rxf3 28. gxf3 Qxg3 29. Rf1 Nd5 30. Qc5 Nf4 31. Qf2 Qh3+ 32. Kg1 Rd8 33. Ne4 Qe6 34. Qh4 Qb6+ 35. Kh1 Nh5 36. Qf2 Qe6 37. Qh4 Rd5 38. Rg1 Rf5 39. Qg4 Qe5 40. Qh3 Nf4 41. Qh2 Rh5 42. Nf6+ Qxf6 0-1

[Event "CRO-chT3"]
[Site "Varazdin"]
[Date "2008.05.10"]
[Round "4"]
[White "Husajina, Nikola"]
[Black "Lovrencic, Vladimir"]
[Result "0-1"]
[WhiteElo "1765"]
[BlackElo "2167"]
[PlyCount "66"]
[EventDate "2008.04.12"]
[EventType "team-tourn"]
[EventRounds "9"]
[EventCountry "CRO"]
[SourceTitle "EXT 2011"]
[Source "ChessBase"]
[SourceDate "2010.11.26"]
[SourceVersion "1"]
[SourceVersionDate "2010.11.26"]
[SourceQuality "1"]

1. e4 c5 2. Nf3 d6 3. d4 cxd4 4. Nxd4 a6 5. a4 Nf6 6. Nc3 e5 7. Nb3 Be6 8. Be2 Nbd7 9. 0-0 Rc8 10. Kh1 Be7 11. f4 Qb6 12. Nd2 exf4 13. Rxf4 Ne5 14. Rf1 Nfg4 15. Bxg4 Nxg4 16. Qf3 Ne3 17. Rf2 Nxc2 18. Rb1 Ne1 19. Qe2 Nd3 20. Rf1 Nb4 21. Qf3 Qa5 22. e5 dxe5 23. Qxb7 Qc7 24. Qf3 0-0 25. Nde4 Bc4 26. Rd1 f5 27. Ng5 h6 28. Nh3 e4 29. Qh5 Bf7 30. Qe2 Nd3 31. Nf2 Bc4 32. Qh5 Nxf2+ 33. Kg1 Ng4 0-1

[Event "CRO-chT U20 16th"]
[Site "Sv Filip i Jakov"]
[Date "2007.04.12"]
[Round "5"]
[White "Husajina, Nikola"]
[Black "Vucic, Mihovil"]
[Result "1/2-1/2"]
[WhiteElo "1824"]
[BlackElo "1911"]
[PlyCount "43"]
[EventDate "2007.04.10"]
[EventType "team-tourn"]
[EventRounds "11"]
[EventCountry "CRO"]
[SourceTitle "EXT 2010"]
[Source "ChessBase"]
[SourceDate "2010.11.25"]
[SourceVersion "1"]
[SourceVersionDate "2010.11.25"]
[SourceQuality "1"]

1. e4 c5 2. Nf3 d6 3. d4 cxd4 4. Nxd4 Nf6 5. Nc3 g6 6. g3 Bg7 7. Bg2 0-0 8. 0-0 Nc6 9. Nde2 Rb8 10. a4 Bd7 11. h3 a6 12. Nd5 Nxd5 13. exd5 Na5 14. Ra2 b5 15. axb5 axb5 16. b3 Nb7 17. Be3 Qc7 18. Nd4 Qc3 19. Ne2 Qc7 20. Nd4 Qc3 21. Ne2 Qc7 22. Nd4 1/2-1/2